000 00365nam a2200157Ia 4500
003 OSt
005 20240219120121.0
008 170524s9999 xx 000 0 und d
020 _a978-9353167424
040 _cIIMT UNIVERSITY MEERUT
100 _aSalivahana
245 0 _aDigital Signal Processing
260 _bTMH New Delhi
260 _c2008
942 _2ddc
_c02
999 _c4875
_d4875